Guess the Word and Country - Statistics

General Stats
  • This quiz has been taken 866 times
  • The average score is 17 of 40
Answer Stats
Hint Word(s) % Correct
precipitation rain
93%
Iran
88%
adversary, foe enemy
80%
Wright Brothers invention (colloquial) plane
80%
describes a killer who murders multiple people serial
78%
Yemen
76%
a series of metal links used for restraining someone chain
73%
Nepal
73%
viral disease caused by animal bites rabies
71%
China
69%
to let out a sound expressing sexual pleasure moan
67%
Oman
65%
unadulterated, free of contamination pure
59%
Peru
58%
Serbia
58%
in addition also
57%
Israel
56%
Laos
56%
postal item mail
49%
Mali
48%
(Two words) genuine + public transit vehicle real bus
45%
(Two words) scarlet + fingertip covering red nail
40%
Arabic male name meaning "lion" that made headlines in 2001 Osama
38%
Samoa
36%
Belarus
35%
(Two words) tidy + kernel of wheat, rice, etc. neat grain
27%
Ireland
22%
(Two words) to outlaw + shack / simple house ban hut
18%
Bhutan
17%
Argentina
14%
sufferings, hardships pains
14%
Spain
14%
Chad
10%
German acronym for Germany, Austria, and Switzerland DACH
10%
Italy
8%
collective term for churchgoers laity
5%
(Two words) bad + reservoirs evil dams
4%
Maldives
3%
(Two words) obtains + lasso gains rope
2%
Singapore
2%
No matching quizzes found
Score Distribution
Percent of People with Each Score
Percentile by Number Answered
Your Score History
You have not taken this quiz